00466nam a2200157Ia 450000500170000000800410001708200130005810000170007124500170008826000430010530000130014850000270016194200060018895200990019499900150029320250508055024.0240331s9999 xx 000 0 und d bMAHa891 aMahendran, K 0aArimuga vila aTellippalaibSivan Kalvi Nilayamc1984 a123 p ., aShort Stories in Tamil cL 001040708LaWERCLbWERCLcSSCd2024-03-31l0o 894.811 MAHp4164r2024-03-31w2024-03-31yL c4380d4380